01042nam a2200253 450000100060000000300080000600500170001400800400003103500190007104000350009004100130012508200200013810000570015824502970021525000100051226000370052230000470055949000350060650000350064150000260067650400290070265100220073183000350075322470BD-RjUL20211209000818.0140308s1961 enkab b 001 0 eng d a(BD-RjUL)22535 aBD-RjULbengcBD-RjULdBD-RjUL1 aenghfre a915.9bROM 19611 aRobequain, Charles,d1897-1963.q Charles Robequain.10aMalaya, Indonesia, Borneo, and the Philippines :ba geographical, economic, and political description of Malaya, the East Indies, and the Philippines /cby Charles Robequain ; translated by E.D. Laborde. Issued in co-operation with the International Secretariat, Institute of Public Relations a2d ed aLondon :bLongmans, Green,c1961 axi, 466 p. :bill., maps, diagrs. ;c23 cm1 aGeographies for advanced study aTranslation of Le monde malais aMaps on lining papers aBibliography: p. 445-457 0aMalay Archipelago 0aGeographies for advanced study